Kvázikryštály a kvázikryštalické aproximanty : habilitačná práca /
Guardado en:
| Autor principal: | |
|---|---|
| Formato: | Manuscrito Libro |
| Lenguaje: | eslovaco |
| Publicado: |
2018
|
| Etiquetas: |
Sin Etiquetas, Sea el primero en etiquetar este registro!
|
MARC
| LEADER | 00000ntm a22000003a 4500 | ||
|---|---|---|---|
| 001 | 0069679 | ||
| 003 | SK-STU | ||
| 005 | 20190116113630.8 | ||
| 007 | ta | ||
| 008 | 181211s2018----xo-----f-mn---000-0-slo-d | ||
| 035 | |a biblio/87844 |2 CREPC2 | ||
| 040 | |a STU |b slo | ||
| 041 | 0 | |a slo | |
| 044 | |a xo | ||
| 100 | 1 | |a Černičková, Ivona, |d 1974- |u 061000 |4 aut |r Z1 |9 100 |U MTF Materiálovotechnologická fakulta |T MTF Ústav materiálov |X 66646 |U M1000 |Y 81 |7 A000066646 | |
| 245 | 1 | 0 | |a Kvázikryštály a kvázikryštalické aproximanty : |b habilitačná práca / |c aut. Ivona Černičková |
| 260 | |c 2018 | ||
| 300 | |a 54 s. +príl. + |e CD-ROM | ||
| 526 | |a Študijný odbor: 5.2.26 Materiály | ||
| 996 | |c M* HP-115 |l MMSKP |s P |a 0 |w 0069679_0001 | ||